1434 1965 1210 1378 1697 1375 1613 1093 1037 1563 1850 1968 1385 1373 1850 1346 1218 1895 1461 1191 1334 1924 1329 1736 1100 1510 1706 1444 1152 1942 1279 1285 1597 1927 1453 1215 1685 1735 1154 1380 1770 1203 1368 1566 1465 1522 1794 1242 1988 1449 1287 1228 1802 1987 1435 1210 1256 1680 1062 1144 1753 1272 1475 1938 1684 1903 1050 1943 1094 1808 1295 1735 1431 1175 1660 1021 1988 1960 1808 1924 1284 1462 1958 1185 1333 1582 1010 1178 1730 1936 1674 1804 1250 1122 1661 1549 1872 1280 1415 BCNSPRNW ULIB Ver.6.0+V

เปลี่ยนเป็นภาษาไทย

Change to English
 แสดงรายละเอียดบรรณานุกรม
  กลับหน้าหลัก

Brief Record : Get Marc (ISO 2709) : E-mail record : QR code < ปิดหน้าต่าง
LEADER : 00000nam 2200000uu 4500
001    13399126124
003     ULIB
008    180611s2012||||th 000 0 tha d
020    ^a9781438071770 (pbk. with MP3 CD)
050 00 ^aPE1128^bS532B
100 1  ^aSharpe, Pamela J.,^eauthor.
245 10 ^aBarron the Leader in Test Preparation Outsmart theTOEFL Test Strategies and Tips /^bPamelaJ. Sharpe, Ph.D.
246 3  ^aBarron the Leader in Test Preparation
260    ^aNew York^bBarron Educational Series,Inc^c2012
300    ^a391 pages :^billustrations ;^c28 cm ^e1MP3-CD(digital ; 4 3/4 in.)
650  0 ^aTest of English as a Foreign Language^vStudy guides.
650  0 ^aEnglish language^xExaminations^vStudy guides.
650  0 ^aEnglish language^vSound recordings for foreign speakers.
945    ^p875^l0^i004216
945    ^p875^l0^i004217
999    ^aวรรณษา ชูชัยมงคล
รายการนี้ยังไม่มีแท็ก
คุณยังไม่ได้ล็อกอิน คุณสามารถมีกิจกรรมร่วมกับเว็บไซต์ได้ แต่ต้องล็อกอินก่อน ::
  ล็อกอิน

รายการสื่อสารสนเทศ

ลำดับที่ ประเภท เลขเรียก/บาร์โค้ด สถานที่ สถานะ
1. วิทยาศาสตร์การแพทย์ และสุขภาพ
หนังสือสำรอง
สถานะ=หนังสือสำรอง
PE1128 S532B ฉ.1 
  Barcode: 004216
ห้องสมุดวิทยาเขตนครสวรรค์
►นวนิยาย:l:Fiction
บนชั้น
2. วิทยาศาสตร์การแพทย์ และสุขภาพ
วิทยาศาสตร์การแพทย์ และสุขภาพ
PE1128 S532B ฉ.2 
  Barcode: 004217
ห้องสมุดวิทยาเขตนครสวรรค์
►นวนิยาย:l:Fiction
บนชั้น

BibComment


ยังไม่เคยถูกคอมเมนท์

คอมเมนท์ทรัพยากรรายการนี้
  คอมเมนท์: Barron the Leade..


 Copyright 2026. Bcnsprnw @Library